Entry Personal Name
Number of records used in: 1
001 - CONTROL NUMBER
003 - CONTROL NUMBER IDENTIFIER
005 - DATE AND TIME OF LATEST TRANSACTION
- control field:
20200127135755.0
008 - FIXED-LENGTH DATA ELEMENTS
- fixed length control field:
920819n| azannaabn |n aaa |||
010 ## - LIBRARY OF CONGRESS CONTROL NUMBER
- LC control number:
n 92083525
035 ## - SYSTEM CONTROL NUMBER
- System control number:
(CaEvSKY)skya3845374
040 ## - CATALOGING SOURCE
- Original cataloging agency:
DLC
- Description conventions:
rda
- Transcribing agency:
DLC
- Modifying agency:
MX-MrUM
100 1# - HEADING--PERSONAL NAME
- Personal name:
Ginnett, Robert C.
372 ## - FIELD OF ACTIVITY
- Field of activity:
Teaching
- Field of activity:
Leadership
- Field of activity:
Psychology
- Source of term:
lcsh
373 ## - ASSOCIATED GROUP
- Associated group:
Center for Creative Leadership
- Associated group:
United States Air Force Academy
- Associated group:
Yale University
- Source of term:
naf
374 ## - OCCUPATION
- Occupation:
College teachers
- Source of term:
lcsh
375 ## - GENDER
377 ## - ASSOCIATED LANGUAGE
670 ## - SOURCE DATA FOUND
- Source citation:
Hughes, R.L. Leadership, c1993:
- Information found:
CIP t.p. (Robert C. Ginnett)
670 ## - SOURCE DATA FOUND
- Source citation:
Liderazgo como aprovechar las lecciones de la experiencia, ©2007:
- Information found:
tittle page (Robert C. Ginnett) page vi (Robert Ginnett es becario senior del Centro de Liderazgo Creativo. Era profesor titular de la Academia de la Fuerza Aerea de Estados Unidos y fungió como director de liderazgo y asesoría; maestría en artes y maestría en filosofía y un doctorado de la Universidad de Yale)